Komunálna poisťovňa výročná správa 1998
Uložené v:
| Médium: | Kniha |
|---|---|
| Jazyk: | Slovak |
| Vydavateľské údaje: |
Banská Bystrica
Komunálna poisťovňa
1998
|
| Predmet: | |
| Tagy: |
Žiadne tagy, Buďte prvý, kto otaguje tento záznam!
|
MARC
| LEADER | 00000nam a2200000 4500 | ||
|---|---|---|---|
| 001 | c116456 | ||
| 005 | 20221109093843.4 | ||
| 041 | 0 | |a slo | |
| 044 | |a SK | ||
| 245 | 1 | 0 | |a Komunálna poisťovňa |b výročná správa 1998 |
| 264 | 1 | |a Banská Bystrica |b Komunálna poisťovňa |c 1998 | |
| 300 | |a 14 s. | ||
| 610 | 2 | 0 | |a ústavy finančné |
| 610 | 2 | 0 | |a poisťovne |
| 610 | 2 | 0 | |a poisťovníctvo |
| 610 | 2 | 0 | |a politika komunálna |
| 610 | 2 | 0 | |a partneri obchodní |
| 610 | 2 | 0 | |a klienti |
| 610 | 2 | 0 | |a mestá |
| 610 | 2 | 0 | |a obce |
| 610 | 2 | 0 | |a hospodárenie finančné |
| 610 | 2 | 0 | |a výsledok hospodársky |
| 610 | 2 | 0 | |a ochrana majetku |
| 610 | 2 | 0 | |a revízia účtovná |